| 000 | 00668nam a22002057a 4500 | ||
|---|---|---|---|
| 005 | 20250116112511.0 | ||
| 010 | _aENG-143483 | ||
| 020 |
_a9788190021111 _c150.00 |
||
| 035 | _aEN-127015 | ||
| 037 | _bDBAD | ||
| 082 | _a821 | ||
| 100 |
_aHarbhajan Singh _976672 |
||
| 245 |
_aJAP JI SAHIB; As I Understand It/ _cBy Harbhajan Singh |
||
| 250 | _aFirst | ||
| 260 |
_a51, Ring Road Lajpat Nagar III, New Delhi _bSapra & Sapra Publishers Dist.P Ltd. _c2010 |
||
| 270 |
_a51, Ring Road Lajpat Nagar III, New Delhi _bNew Delhi _e110024 |
||
| 300 |
_aXI,32p. _c19cm(pb) _eAudio CD |
||
| 600 |
_aHarbhajan Singh _976673 |
||
| 942 |
_2ddc _cEN _mHar _h821 |
||
| 999 |
_c208548 _d208548 |
||